000 00319 a2200157 4500
001 190533
020 _a978-84-668-1899-5
040 _cMagnum
100 _aHancock, Penny
240 1 0 _aThe misfits
_lING
245 1 0 _aThe misfits
300 _a64
362 0 _a2007
697 _aLITERATURA INGLESA
942 _cBK
999 _c190533
_d190533